LEADER 01135nam0-2200361li-450 001 990000262850203316 005 20180312154607.0 010 $a3-540-57564-2 035 $a0026285 035 $aUSA010026285 035 $a(ALEPH)000026285USA01 035 $a0026285 100 $a2001996031995-------y0itay0103----ba 101 0 $aeng 102 $aGW 200 1 $aParticle accelerator physics II$enonlinear and higher-order beam dynamics$fHelmut Wiedemann 210 $aBerlin [etc.]$cSpringer-Verlag$dcopyr. 1995 215 $aXVI, 464 p.$cill.$d24 cm 610 1 $aacceleratori di particelle 676 $a53973$9. 700 1$aWiedemann,$bHelmut$027459 801 $aSistema bibliotecario di Ateneo dell' Università di Salerno$gRICA 912 $a990000262850203316 951 $a539.73 WIE$b0018320/CBS$c539.73$d00328257 959 $aBK 969 $aSCI 979 $c19960320 979 $c20001110$lUSA01$h1715 979 $c20020403$lUSA01$h1634 979 $aPATRY$b90$c20040406$lUSA01$h1619 979 $aRSIAV7$b90$c20090924$lUSA01$h1348 996 $aParticle accelerator physics II$9189131 997 $aUNISA LEADER 01039nam0-22003491i-450 001 990003164920403321 005 20221205091639.0 100 $a20030910d1964----km-y0itay50------ba 101 1 $aita 102 $aIT 200 1 $aPrincipi di economica$fAlfred W. Stonier, Douglas C. Hague. 210 $aPadova$cCedam$d1964 215 $aVI, 528 p.$d25 cm 300 $aTrad. dall'inglese di G. Maggi 500 11$a<> Textbook of Economic Theory$min italian$952237 610 0 $aMacroeconomia e microeconomia 610 0 $aOccupazione$aTeorie economiche 676 $a330.1$v23$zita 676 $aB/1.2.2 676 $aB/1.2.1 700 1$aStonier,$bAlfred W.$068496 701 1$aHague,$bDouglas Chalmers$f<1929- >$0414151 702 1$aMaggi,$bGiorgio 801 0$aIT$bUNINA$gRICA$2UNIMARC 901 $aBK 912 $a990003164920403321 952 $aC/1 STO/64/ISTO$b033870$fSES 952 $aXV B 417$b72947$fFGBC 959 $aSES 959 $aFGBC 996 $aTextbook of Economic Theory$952237 997 $aUNINA